000 00592nam a22001817a 4500
005 20231204172223.0
010 _aENG-137584
020 _c150.00
_a9789387234932
035 _aEN-121116
037 _aDBAD/PUB
082 _a884
245 _aCoral's Premier Book of 108 Comprehensive Essays /
_cBy Shrinivasan,S.
260 _aChennai
_bCoral publishers & DIstributors
_c2019
270 _a8.6th Cross, 8th Main Road, Vaishnavi Nagar, Thirumullaivoyal, Chennai- 600109
300 _a192p.
_c21cm(pbk)
700 _aShrinivasan,S.
_959498
942 _2ddc
_cEN
_h884
_mCOR
999 _c196759
_d196759